| 000 | 00785cab a2200241 4500 | ||
|---|---|---|---|
| 001 | WB3504-02 | ||
| 008 | 090401t1999 xxu||||| |||| 00| 0 eng d | ||
| 035 | _a(Sirsi) u90917 | ||
| 041 | _aeng | ||
| 245 | _aRetailers give contractors the green light | ||
| 260 | _c1999 | ||
| 350 | _a0 | ||
| 490 |
_aProperty Week _v64(3) 22 January 1999, 17(1) |
||
| 520 | _aConstruction management now makes up 8% of the £18bn construction market, as it can be used to refurbish a shopping centre without interfering with its trading. | ||
| 650 |
_aCONSTRUCTION MANAGEMENT _96230 |
||
| 650 | _aCONSTRUCTION MARKET | ||
| 650 | _aLANDLORDS | ||
| 650 | _aREFURBISHMENTS | ||
| 650 | _aRETAILERS | ||
| 690 | _aBUILT ENVIRONMENT-BUILDING CONTRACT FORMS | ||
| 942 | _n0 | ||
| 948 | _c26/01/1999 | ||
| 999 |
_c57678 _d57678 |
||